| 000 | 00441nam a22001817a 4500 | ||
|---|---|---|---|
| 003 | NUST - PNEC | ||
| 005 | 20170116181146.0 | ||
| 008 | 151012b xxu||||| |||| 00| 0 eng d | ||
| 020 | _a- | ||
| 040 | _cLIBRARY | ||
| 082 | _a891.4393 NAZ | ||
| 100 |
_913342 _aNazeer Ahmad , Deputy |
||
| 245 |
_aIbnul waqat (urdu) _cDeputy Nazeer Ahmed |
||
| 250 | _a- | ||
| 260 | _c2000 | ||
| 650 |
_95281 _aUrdu Adab, Literature |
||
| 942 |
_2ddc _cBK |
||
| 999 |
_c70698 _d70698 |
||